Регионална библиотека "Любен Каравелов" - Русе

Синева (Запис номер 19078)

MARC детайли
000 -Лидер
Контролно поле с фиксирана дължина 01267nam a2200301 c 4500
003 - Код на организацията, давaща контролен номер
Контролно поле BLK
005 - Дата и час на последна редакция
Контролно поле 20220228144526.0
008 - Елементи от данни с фиксирана дължина
fixed length control field 180413b bul|||||r ||||||| ||bul||
010 ## - Наследен системен номер
LC control number KNG00021170000
040 ## - Източник на каталожния запис
Идентификатор на билиотеката - собственик на записа BLK
041 ## - Код за език
Код за езика на текст/звукозапис или на отделно заглавие Български
Код за езика КДБФ Български
072 #7 - Код за тематичната категория
Код организация bullib
Код за тематична категория Я
Текст Автографи
080 ## - УДК
Текстов определител УДК Българска литература
УДК код - определител по УДК 821.163.2
УДК определител -1
УДК - код + определител 821.163.2-1
100 1# - Редна дума - Автор
Автор Тодоров, Цветан Милков
Авторска отговорност първи автор
R(LIN) 257402
139 ## - Редно поле
Редна дума Тодоров, Цветан Милков
Авторски знак Тодо - Т 64
245 10 - Сведения за заглавието
Заглавие Синева
Подзаглавни данни Стихотворения
Редно поле (дума) Цветан Милков Тодоров.
257 ## - Страна на издаване
Страна на създаване/издаване България
260 ## - Област на издателските данни
Име на издателя, разпространителя и проч. Съюз на независимите бълг. писатели
Година на издаване 1997
Печатница Божурище : ЛИК
300 ## - Физическа характеристика
Страници 32 с.
Размери/Мащаб 21 см
380 ## - Жанр
Жанр Худож. лит.
500 ## - Общи забележки
Забележка Изд. на Общин. к-т В. Левски, Лит. кръг Мисъл-2 при ч-ще Хр. Ботев - Русе ; 300 тир. Изд. по Нац. програма 160 год. от рождението на Васил Левски
659 ## - Тематичен бюлетин
Тематичен бюлетин Я
852 ## - Местоположение
Форматна сигнатура Цб 194155
852 ## - Местоположение
Форматна сигнатура К 821.163.2/Т 64 Ц
856 4# - Електронен адрес и достъп
Електронен формат pdf - файл
Път до файла /url/
856 4# - Електронен адрес и достъп
Електронен формат pdf - файл
Път до файла /url/
999 ## - СИСТЕМНИ КОНТРОЛНИ НОМЕРА
Koha biblionumber 19078
Koha biblioitemnumber 19078
942 ## - АРТИКУЛИ
Вид на библиотечния материал Книги
Скрит в OPAC Не
Периодичен библиозапис Да
944 ## - СЪЗДАВАНЕ И РЕДАКЦИЯ на ЗАПИСА
Създаване/Редакция Създаване
Дата на регистрацията/редакция 15.01.2003
Служител, извършил регистрацията/редакцията Ренета_Константинова
944 ## - СЪЗДАВАНЕ И РЕДАКЦИЯ на ЗАПИСА
Създаване/Редакция Редакция
Дата на регистрацията/редакция 08.08.2013
999 ## - СИСТЕМНИ КОНТРОЛНИ НОМЕРА
Koha biblioitemnumber 19078
Наличности
Код за отписване Код за изгубен артикул Източник на класификационната схема Код за повреда Коз за рестрикции Код за отдаване Артикулен № Име на библиотеката - собственик Име на библиотеката, в която се намира в момента Статус (Текущо местоположение) Дата на вписване в системата Местоположение - отдел Цена в лева Номерация (Хронология) Инвентарен номер Систематично азбучна сигнатура Баркод Номер на екземпляра Цена в евро Служебна бележка Служебен тип на артикула
  Не е изгубен Universal Decimal Classification Не е повреден без рестрикции ползва се в читалня 31835 Регионална библиотека "Любен Каравелов" Русе Регионална библиотека "Любен Каравелов" Русе Краезнание 2001-01-01 Краезнание 0.40 Автограф: Цветан Тодоров 636905 К 821.163.2/Т 64 Ц 120000636905 1 0.20 Дост: DA Вид: А N: стар фонд Дата: 01.01.1997 Дата инв: 15.11.2017 Бележки инв: К2017 Книги
  Не е изгубен Universal Decimal Classification Не е повреден без рестрикции заемане за дома 31836 Регионална библиотека "Любен Каравелов" Русе Регионална библиотека "Любен Каравелов" Русе Заемна - подръчен фонд 2001-01-01 Заемна - подръчен фонд 0.40   636906 П 886.7-1/Т 64 120000636906 2 0.20 Дост: DA Вид: А N: стар фонд Дата: 01.01.1997 Дата инв: 14.02.2018 Бележки инв: П2018 Книги
  Не е изгубен Universal Decimal Classification Не е повреден без рестрикции ползва се в читалня 31837 Регионална библиотека "Любен Каравелов" Русе Регионална библиотека "Любен Каравелов" Русе Хранилище 1998-01-01 Основен фонд - ползва се само за читалня 0.50 Автограф: Цветан Тодоров 643049 Цб 194155 120000643049 3 0.26 Дост: DA Вид: А N: стар фонд Дата: 01.01.1998 Книги
  Не е изгубен Universal Decimal Classification Не е повреден без рестрикции ползва се в читалня 31838 Регионална библиотека "Любен Каравелов" Русе Регионална библиотека "Любен Каравелов" Русе Краезнание 1998-01-01 Краезнание 0.50   643050 К 821.163.2/Т 64 Ц 120000643050 4 0.26 Дост: DA Вид: А N: стар фонд Дата: 01.01.1998 Дата инв: 16.11.2017 Бележки инв: К2017 Книги
Vip Innovations Ltd, Rousse, Bulgaria 2025